Welcome to CU Library Online Public Access Catalogue (OPAC)

Dismissing God : (Record no. 1609)

MARC details
000 -LEADER
fixed length control field 00874cam a2200253 a 4500
001 - CONTROL NUMBER
control field 4033119
005 - DATE AND TIME OF LATEST TRANSACTION
control field 20241127125357.0
008 - FIXED-LENGTH DATA ELEMENTS--GENERAL INFORMATION
fixed length control field 980310s1998 miu b 001 0 eng
020 ## - INTERNATIONAL STANDARD BOOK NUMBER
International Standard Book Number 080105804X (pbk.)
050 00 - LIBRARY OF CONGRESS CALL NUMBER
Classification number PS169.B5
Item number L63 1998
082 00 - DEWEY DECIMAL CLASSIFICATION NUMBER
Classification number 810.9/382
Edition information 21
100 1# - MAIN ENTRY--PERSONAL NAME
Personal name Lockerbie, D. Bruce.
245 10 - TITLE STATEMENT
Title Dismissing God :
Remainder of title modern writers' struggle against religion /
Statement of responsibility, etc. D. Bruce Lockerbie.
260 ## - PUBLICATION, DISTRIBUTION, ETC.
Place of publication, distribution, etc. Grand Rapids, Mich. :
Name of publisher, distributor, etc. Baker Books,
Date of publication, distribution, etc. c1998.
300 ## - PHYSICAL DESCRIPTION
Extent 254 p. ;
Dimensions 23 cm.
650 #0 - SUBJECT ADDED ENTRY--TOPICAL TERM
Topical term or geographic name entry element American literature
General subdivision History and criticism.
650 #0 - SUBJECT ADDED ENTRY--TOPICAL TERM
Topical term or geographic name entry element English literature
Chronological subdivision 20th century
General subdivision History and criticism.
650 #0 - SUBJECT ADDED ENTRY--TOPICAL TERM
Topical term or geographic name entry element Religion and literature
Geographic subdivision English-speaking countries.
650 #0 - SUBJECT ADDED ENTRY--TOPICAL TERM
Topical term or geographic name entry element Belief and doubt in literature.
650 #0 - SUBJECT ADDED ENTRY--TOPICAL TERM
Topical term or geographic name entry element Religion in literature.
650 #0 - SUBJECT ADDED ENTRY--TOPICAL TERM
Topical term or geographic name entry element Atheism in literature.
650 #0 - SUBJECT ADDED ENTRY--TOPICAL TERM
Topical term or geographic name entry element God in literature.
942 ## - ADDED ENTRY ELEMENTS (KOHA)
Source of classification or shelving scheme Library of Congress Classification
Koha item type Books
Suppress in OPAC No
999 ## -
-- 1609
-- 1609
Holdings
Withdrawn status Lost status Source of classification or shelving scheme Damaged status Not for loan Collection Home library Current library Shelving location Date acquired Total checkouts Full call number Barcode Date last seen Copy number Price effective from Koha item type
    Library of Congress Classification     Non-fiction Undergraduate Library (Christ Temple) Undergraduate Library (Christ Temple) General stacks 11/27/2024   PS169.B5 LOC ulct00000384 11/27/2024 1 11/27/2024 Books
© 2023-2024 Copyright: Central University Libraries. All Rights Reserved | Created by: Mahone Tech Office